Food microbiology and laboratory practice. (Record no. 446)
[ view plain ]
| 000 -LEADER | |
|---|---|
| fixed length control field | 00816nam a22002657a 4500 |
| 008 - FIXED-LENGTH DATA ELEMENTS--GENERAL INFORMATION | |
| fixed length control field | 130610b xxu||||| |||| 00| 0 eng d |
| 020 ## - INTERNATIONAL STANDARD BOOK NUMBER | |
| International Standard Book Number | 1-4051-4838-1 |
| 024 ## - OTHER STANDARD IDENTIFIER | |
| Terms of availability | Available |
| 037 ## - SOURCE OF ACQUISITION | |
| Terms of availability | Available |
| 040 ## - CATALOGING SOURCE | |
| Original cataloging agency | MBSTU LIBRARY |
| Modifying agency | MBSTU LIBRARY |
| 082 ## - DEWEY DECIMAL CLASSIFICATION NUMBER | |
| Edition number | 22 |
| Classification number | 576.163 BEE |
| 100 ## - MAIN ENTRY--PERSONAL NAME | |
| Personal name | Bell , Chris. |
| 110 ## - MAIN ENTRY--CORPORATE NAME | |
| Corporate name or jurisdiction name as entry element | Paul Nexves and Anthony P Williams. |
| 245 ## - TITLE STATEMENT | |
| Title | Food microbiology and laboratory practice. |
| 260 ## - PUBLICATION, DISTRIBUTION, ETC. (IMPRINT) | |
| Place of publication, distribution, etc. | Australia. |
| Name of publisher, distributor, etc. | Blackwell Publishers. |
| Date of publication, distribution, etc. | 2005 |
| 300 ## - PHYSICAL DESCRIPTION | |
| Extent | 25 cm. |
| Other physical details | xii,324 page |
| Type of unit | 6 |
| Size of unit | 25 cm. |
| 600 ## - SUBJECT ADDED ENTRY--PERSONAL NAME | |
| Source of heading or term | Food microbiology. |
| 650 ## - SUBJECT ADDED ENTRY--TOPICAL TERM | |
| Source of heading or term | Food microbiology. |
| 700 ## - ADDED ENTRY--PERSONAL NAME | |
| Personal name | Bell , Chris. |
| 710 ## - ADDED ENTRY--CORPORATE NAME | |
| Corporate name or jurisdiction name as entry element | Paul Nexves and Anthony P Williams. |
| 270 ## - ADDRESS | |
| Address | Australia |
| City | Australia |
| Country | Australia |
| 365 ## - TRADE PRICE | |
| Price amount | 1568.00 |
| Unit of pricing | 1568.00 |
| 942 ## - ADDED ENTRY ELEMENTS (KOHA) | |
| Source of classification or shelving scheme | |
| Koha item type | Books |
No items available.
